000 00255nam a2200097Ia 4500
001 1041987
005 20250826232052.0
008 250824s9999 xx 000 0 und d
245 0 _aAKILLI TÜRK MAKUL TARİH
_cİHSAN FAZLIOĞLU
260 _bKETEBE YAYINLARI
999 _c1041987
_d1041987